| 000 | 01129pam a22003253a 4500 | ||
|---|---|---|---|
| 001 | 14543697 | ||
| 003 | LC | ||
| 005 | 20160322144049.0 | ||
| 008 | 060909s2006 enk j 000 1 eng | ||
| 010 | _a 2006445605 | ||
| 015 |
_aGBA588088 _2bnb |
||
| 016 | 7 |
_a013315414 _2Uk |
|
| 020 | _a9780385751537 | ||
| 035 | _a(OCoLC)ocm65202127 | ||
| 040 |
_aUKM _beng _cUKM _dDLC |
||
| 050 | 0 | 0 |
_aPZ 7 _b.B69677Boy 2006 |
| 082 | 0 | 4 |
_aPZ 7 _b.B792 2006 |
| 100 | 1 |
_aBoyne, John, _d1971- _921192 |
|
| 245 | 1 | 4 |
_aThe boy in the striped pajamas / _cJohn Boyne. |
| 260 |
_aNew York : _bScholastic, _c2006. |
||
| 300 |
_a215 p. : _c20 cm. |
||
| 650 | 0 |
_aFriendship _xFiction. _921193 |
|
| 650 | 0 | _a Auschwitz (Concentration camp) -- Juvenile fiction. | |
| 651 | 0 |
_aBerlin (Germany) _vFiction. _921194 |
|
| 655 | 0 |
_aYoung adult fiction. _93735 |
|
| 906 |
_a7 _bcbc _ccopycat _d3 _encip _f20 _gy-gencatlg |
||
| 942 |
_2lcc _cBK |
||
| 999 |
_c11849 _d11849 |
||